• 首页
  • 本馆介绍
  • 公告通知
  • 最新文献
  • 馆藏检索
  • 电子资源
  • 读者导购
  • 参考咨询
  • 我的图书馆
  • 登录
  • 详细信息显示
  • 放入我的书架
  • 预约/预借图书
  • 作者相关作品
  • 分类相关作品
  • 丛书相关作品
  • 出版社相关作品

书目信息

  • 表格格式
  • 工作单格式
  • 卡片格式
题名:
高尔夫
    
 
作者: ;葛莉 , 李静 译 ;英国职业高尔夫球协会 编著
分册:  
出版信息: 沈阳   辽宁科学技术出版社  2008
页数: 63页
开本: 20cm
丛书名: 我为运动狂
单 册:
中图分类: G849.3
科图分类:
主题词: 高尔夫运动--基本知识
电子资源:
ISBN: 978-7-5381-5462-7
000 00965oam2 2200277 45
001 1129234077
005 20110420100743.06
010    @a978-7-5381-5462-7@dCNY14.80
100    @a20110414d2008 ekmy0chiy0121 ea
101 0  @achi
102    @aCN@b210000
105    @aac z 000yy
106    @ar
200 1  @a高尔夫@AGao Er Fu@f英国职业高尔夫球协会编著@FYing Guo Zhi Ye Gao Er Fu Qiu Xie Hui Bian Zhu@g葛 莉, 李 静译
210    @a沈阳@c辽宁科学技术出版社@d2008
215    @a63页@c彩图, 肖像@d20cm
225 2  @a我为运动狂
330    @a本书主要内容有高尔夫介绍、高尔夫礼仪、高尔夫器材: 球杆、高尔夫球装、训练技巧提示、推杆、起扑球、劈起球、全挥杆等。
461  1 @12001 @a我为运动狂
606 0  @a高尔夫运动@x基本知识
690    @aG849.3@v4
702  0 @a葛莉@AGe Li@4译
702  0 @a李静@ALi Jing@4译
711 02 @a英国职业高尔夫球协会@AYing Guo Zhi Ye Gao Er Fu Qiu Xie Hui@4编著
801  0 @aCN@bTANGWEI@c20110420
905    @b0537473-77@dG849.3@e365@f5
    
    高尔夫/英国职业高尔夫球协会编著/葛 莉, 李 静译.-沈阳:辽宁科学技术出版社,2008
    63页:彩图, 肖像;20cm.-(我为运动狂)
    
    
    ISBN 978-7-5381-5462-7:CNY14.80
    本书主要内容有高尔夫介绍、高尔夫礼仪、高尔夫器材: 球杆、高尔夫球装、训练技巧提示、推杆、起扑球、劈起球、全挥杆等。
●
相关链接 在E读中查询图书 在五车中查询图书 在当当中查询图书 在豆瓣中查询图书


正题名:高尔夫     索取号:G849.3/365         预约/预借

序号 登录号 条形码 馆藏地/架位号 状态 备注
1 0537473   205374735   第一样本阅览室/ [索取号:G849.3/365] 在馆    
2 0537474   205374744   第四借阅区/ [索取号:G849.3/365] 在馆    
3 0537475   205374753   第四借阅区/ [索取号:G849.3/365] 在馆    
4 0537476   205374762   第四借阅区/ [索取号:G849.3/365] 在馆    
5 0537477   205374771   第四借阅区/ [索取号:G849.3/365] 在馆    
唐山师范学院图书馆 欢迎您!
大连网信软件有限公司© 版权所有